000 00680nam a2200241Ia 4500
005 20260430150438.0
008 008 250103s9999 xx 000 0 eng d
037 _aTheses
040 _aCRL
040 _beng
040 _ceng
041 _2eng
041 _aeng
084 _qCRL
100 _aRohilla Amit Au.; Tripathi Neeta Gu.
_91237527
245 0 _aInvestor Sentiment and Its Effect of Stock Returns : A Case Study of the Indian Stock Market
260 _c2023
300 _a327p.
650 _aCommerce
700 _aUniversity of Delhi. Faculty of Commerce and Business Studies. Deptt. of commerce
_91237511
942 _cTH
999 _c1849799
_d1849799